| 000 | 00803nam a2200253 i 4500 | ||
|---|---|---|---|
| 001 | 173552 | ||
| 003 | ES-MaACL | ||
| 005 | 20230906215254.0 | ||
| 008 | 141209s1978 sp |||| | spa d | ||
| 020 | _a84-249-3510-1 | ||
| 080 | _a821.124-31"00" | ||
| 100 | 1 |
_aPetronio Arbitro, Cayo. _991550 |
|
| 245 | 1 | 3 |
_aEl satiricón / _cPetronio ; introducción, traducción [del latín] y notas de Lisardo Rubio Fernández. |
| 246 | 3 | _aSatyricon | |
| 260 |
_aMadrid : _bGredos, _c[1978] |
||
| 300 |
_a210 p. ; _c20 cm. |
||
| 490 | 1 |
_aBiblioteca clásica Gredos ; _v10 |
|
| 500 | _aÍndices. | ||
| 504 | _aReferencias bibliográficas. | ||
| 700 | 1 |
_aRubio Fernández, Lisardo. _9100408 |
|
| 830 | 1 |
_aBiblioteca clásica Gredos ; _v10 _9177556 |
|
| 852 | 4 |
_aES-MaACL _jC-57039 |
|
| 999 |
_c173552 _d173552 |
||